IRTP 1984, preliminary report

Spremljeno u:
Bibliografski detalji
Autor kompanije: International rice research institute
Format: Knjiga
Jezik:Undetermined
Izdano: Manila, Philippines International rice research institute 1985
Teme:
Oznake: Dodaj oznaku
Bez oznaka, Budi prvi tko označuje ovaj zapis!
Thư viện lưu trữ: Trung tâm Học liệu Trường Đại học Cần Thơ
LEADER 00626nam a2200205Ia 4500
001 CTU_122800
008 210402s9999 xx 000 0 und d
082 |a 338.1 
082 |b I.61 
110 |a International rice research institute 
245 0 |a IRTP 1984, preliminary report 
245 0 |c International rice research institute 
260 |a Manila, Philippines 
260 |b International rice research institute 
260 |c 1985 
650 |a Rice,Rice 
650 |x Statistics,Statistics 
650 |z Southeast Asia 
904 |i Hiếu, Huỳnh Mai 
980 |a Trung tâm Học liệu Trường Đại học Cần Thơ